[Event "EU-ch U10 Girls rapid"]
[Site "Terme Catez"]
[Date "2023.09.28"]
[Round "2"]
[White "Zaremba, Anastasiia"]
[Black "Cretescu, Emma"]
[Result "1-0"]
[WhiteElo "1211"]
[BlackElo "1424"]
[PlyCount "259"]
[EventDate "2023.09.28"]
[EventType "swiss (rapid)"]
[EventRounds "9"]
[EventCountry "SLO"]
[SourceTitle "EXT 2024"]
[Source "ChessBase"]
[SourceDate "2023.10.10"]
[SourceVersion "1"]
[SourceVersionDate "2023.10.10"]
[SourceQuality "1"]

1. e4 c5 2. Nf3 Nc6 3. Bb5 d6 4. 0-0 Bd7 5. c3 e5 6. Re1 Be7 7. d4 cxd4 8. cxd4 exd4 9. Nxd4 Nxd4 10. Bxd7+ Qxd7 11. Qxd4 Nf6 12. e5 dxe5 13. Qxe5 Rc8 14. Bf4 Kf8 15. Nc3 Bc5 16. Rad1 Qc6 17. Bg5 Bxf2+ 18. Kh1 Bxe1 19. Bxf6 Qxf6 20. Qxe1 Re8 21. Qg1 Qb6 22. Qf1 Rd8 23. Re1 Rd2 24. Qf4 Qd6 25. Qg4 Qd7 26. Qf4 Qd6 27. Qg4 Qd7 28. Qf4 Qd6 29. Qg4 Qc6 30. Qg5 Qd6 31. Ne4 Qd5 32. Qe3 Rd1 33. Nf2 Rxe1+ 34. Qxe1 Qd4 35. Nh3 g6 36. Qg3 Qd1+ 37. Ng1 Qd8 38. Qa3+ Kg7 39. Qxa7 Qb8 40. Qd4+ f6 41. Qd7+ Kh6 42. Qh3+ Kg7 43. Qd7+ Kf8 44. Qe6 Qe5 45. Qc8+ Qe8 46. Qc5+ Qe7 47. Qc8+ Kg7 48. Qc3 Rd8 49. Qc2 Re8 50. Qd2 Qe1 51. Qd5 Re7 52. b3 Qe4 53. Qc5 Qe5 54. Qc4 Rc7 55. Qd3 Re7 56. Qc4 f5 57. a4 f4 58. b4 Qe4 59. Qc3+ Qe5 60. Qc4 Rf7 61. b5 Qa1 62. Qd3 Qxa4 63. Qc3+ Rf6 64. Qc7+ Kh6 65. Qxb7 Qd4 66. Qf3 Qe3 67. Qb7 Qb6 68. Qd5 Rf5 69. Qf3 Qxb5 70. Qh3+ Rh5 71. Qc8 Qc5 72. Qb8 g5 73. Qe8 g4 74. Qe6+ Kg7 75. Qxg4+ Qg5 76. Qd7+ Kg6 77. Qe6+ Qf6 78. Qg8+ Kh6 79. Qg4 Rg5 80. Qh3+ Kg6 81. Qd3+ Qf5 82. Qd6+ Kh5 83. Qd1+ Qg4 84. Qd2 h6 85. Nf3 Ra5 86. Qxa5+ Kg6 87. Qb6+ Kf5 88. Qc5+ Kf6 89. Qe5+ Kf7 90. Qc7+ Kf6 91. Qd8+ Kg7 92. Qe7+ Kh8 93. Qf6+ Kg8 94. Qh4 Qxh4 95. Nxh4 Kg7 96. Kg1 Kf6 97. Kf2 Kg5 98. Nf3+ Kf5 99. Nd2 h5 100. Kf3 Kg5 101. Ne4+ Kf5 102. Nd6+ Ke5 103. Nb5 Kf5 104. Nc3 h4 105. h3 Kg5 106. Ne2 Kf5 107. Nxf4 Kg5 108. Ne6+ Kf5 109. Nd4+ Kg5 110. Ke4 Kh5 111. Kf4 Kg6 112. Kg4 Kh6 113. Kxh4 Kg6 114. g4 Kh6 115. Kg3 Kg5 116. h4+ Kg6 117. Kf4 Kf6 118. g5+ Kg6 119. Kg4 Kg7 120. h5 Kh7 121. Kf5 Kg7 122. h6+ Kh7 123. g6+ Kg8 124. Kf6 Kh8 125. g7+ Kg8 126. h7+ Kxh7 127. Kf7 Kh6 128. g8Q Kh5 129. Nf3 Kh6 130. Qg6# 1-0